| 000 | 00630nam a22002297a 4500 | ||
|---|---|---|---|
| 003 | OSt | ||
| 005 | 20140310183042.0 | ||
| 008 | 130223t xxu||||| |||| 00| 0 eng d | ||
| 020 | _a9712343863 | ||
| 050 |
_aBJ1012 _b.B114 2006 |
||
| 082 |
_aFIL 170 _bB11 2006 |
||
| 245 |
_aEthics : _bthe philosophical discipline of action / _cBabor, Eddie R. |
||
| 250 | _aupdated ed. | ||
| 260 |
_aManila : _bRex Book Store, _c2006 |
||
| 300 |
_a326 p. _c23 cm. |
||
| 521 | _acollege students | ||
| 526 | _c1210L-1700L | ||
| 541 | _j1 | ||
| 541 | _j2 | ||
| 562 | _e2 | ||
| 942 |
_2lcc _cBK _kFIL |
||
| 999 |
_c18549 _d18549 |
||